| 000 | 00402 a2200157 4500 | ||
|---|---|---|---|
| 005 | 20250627083949.0 | ||
| 020 | _a0-07-255409-6 | ||
| 082 | _a338.5 FRA | ||
| 100 | _aFRANK, R. H. | ||
| 245 | _aPrinciples of Micro-Economics | ||
| 250 | _a2nd Ed. | ||
| 260 |
_aNew York, _bMcGraw Hill, _c2004 |
||
| 300 |
_axxxi,423p.; ill.; figure _bGlossary & Index _c25cm |
||
| 700 | _aBERNANKE, B. | ||
| 942 |
_2ddc _cBKS |
||
| 999 |
_c5557 _d5557 |
||